ბათუმის შოთა რუსთაველის სახელმწიფო უნივერსიტეტის ბიბლიოთეკა

Career guidance and counseling though the lifespan (ბიბ.ჩანაწერი № 51435)

000 -LEADER
fixed length control field 00724nam a2200253Ia 4500
001 - CONTROL NUMBER
control field 18421
003 - CONTROL NUMBER IDENTIFIER
control field GE_BSU
008 - FIXED-LENGTH DATA ELEMENTS--GENERAL INFORMATION
fixed length control field 181216s||||||||xx |||||||||||||| ||und||
020 ## - INTERNATIONAL STANDARD BOOK NUMBER
International Standard Book Number 9780321081391
040 ## - CATALOGING SOURCE
Transcribing agency GE_BSU
080 ## - UNIVERSAL DECIMAL CLASSIFICATION NUMBER
Universal Decimal Classification number 331.105
100 ## - MAIN ENTRY--PERSONAL NAME
Personal name Herr,E.L., Cramer,St.H., Niles, S.G.
245 ## - TITLE STATEMENT
Title Career guidance and counseling though the lifespan
245 ## - TITLE STATEMENT
Remainder of title Systematic Approaches
250 ## - EDITION STATEMENT
Edition statement sixth edition
260 ## - PUBLICATION, DISTRIBUTION, ETC.
Place of publication, distribution, etc. Boston
260 ## - PUBLICATION, DISTRIBUTION, ETC.
Name of publisher, distributor, etc. Pearson
260 ## - PUBLICATION, DISTRIBUTION, ETC.
Date of publication, distribution, etc. 2004
300 ## - PHYSICAL DESCRIPTION
Extent 768p.23cm.
653 ## - INDEX TERM--UNCONTROLLED
Uncontrolled term Career guidance and counseling though the lifespan
653 ## - INDEX TERM--UNCONTROLLED
Uncontrolled term პროფორიენტაცია
653 ## - INDEX TERM--UNCONTROLLED
Uncontrolled term შრომის ორგანიზაცია
942 ## - ADDED ENTRY ELEMENTS (KOHA)
Koha item type წიგნი
ეგზემპლარები
Withdrawn status Lost status Damaged status Not for loan Date acquired Barcode Date last seen Price effective from Koha item type
        2018-12-17 47251 2018-12-17 2018-12-17 წიგნი